Bacon Puzzle - Nicolas Cage - Statistics

General Stats
  • This quiz has been taken 3,481 times
    3,476 since last reset
  • The average score is 11 of 14
Answer Stats
Answer % Correct
Brad Pitt
99%
Angelina Jolie
97%
Tom Cruise
96%
Morgan Freeman
95%
Russell Crowe
91%
Nicholas Cage
90%
Sean Penn
77%
Tim Robbins
75%
George Clooney
72%
Joaquin Phoenix
64%
Dakota Fanning
62%
Renee Zellweger
62%
John Malkovich
49%
Mark Wahlberg
49%
No matching quizzes found
Score Distribution
Percent of People with Each Score
Percentile by Number Answered
Your Score History
You have not taken this quiz since the last reset